Statistics for Islands by Wikipedia Descriptions

Click here to take the quiz!

General Stats

  • This quiz has been taken 26,112 times
  • The average score is 12 of 20

Answer Stats

HintIsland% Correct
Politically, it refers to the whole of England, Scotland and Wales in combinationGreat Britain
97%
Officially the Republic of ChinaTaiwan
90%
It split from the Indian subcontinent around 88 million years ago ...
over 90% of its wildlife is found nowhere else on Earth
Madagascar
82%
Napoleon Bonaparte was born in AjaccioCorsica
74%
Connected to Saudi Arabia by the 25-kilometre (16 mi) King Fahd CausewayBahrain
71%
The role of the Communist Party is enshrined in the ConstitutionCuba
69%
Has four official languages: English, Malay, Mandarin Chinese, and TamilSingapore
67%
The historical center of Japanese cultural and political powerHonshu
60%
They attributed the lack of large mammals such as bears, wolves, jackals, and
poisonous snakes, to the labour of Hercules (who took the live bull to the Peloponnese)
Crete
58%
It is separated from the mainland (Kowloon Peninsula and New Territories) by Victoria HarbourHong Kong
58%
Home to about two-thirds of the population of the U.S. state of HawaiiOahu
58%
An increase in direct international flights to Christchurch, Dunedin and Queenstown
has boosted the number of overseas tourists
South Island
57%
The 1970s were marked by the Cod Wars—several disputes with the United Kingdom
over the extension of its fishing limits
Iceland
56%
The least populated of the boroughsStaten Island
54%
Together with Bonaire and Curaçao, it forms a group referred to as the ABC islandsAruba
50%
French: Maurice [mɔʁis, moʁis] ; Creole: Moris [moʁis]Mauritius
48%
The world's second-largest island and the largest wholly or partly in the Southern HemisphereNew Guinea
43%
The site of the city of _______, it is located at the confluence of the
Saint Lawrence and Ottawa rivers
Montreal
40%
Was the setting for the 1986 film The Karate Kid Part II, in which
Mr. Miyagi (Pat Morita) returns home
Okinawa
28%
Still commonly known as Southern PhilippinesMindanao
23%

Score Distribution

Percentile by Number Answered

Percent of People with Each Score

Your Score History

You have not taken this quiz